书目信息 |
| 题名: |
核桃病虫草害诊治生态图谱
|
|
| 作者: | 冯玉增 , 任军战 , 王文星 主编 | |
| 分册: | ||
| 出版信息: | 北京 中国林业出版社 2019.09 |
|
| 页数: | 136, 136页 | |
| 开本: | 21cm | |
| 丛书名: | ||
| 单 册: | ||
| 中图分类: | S436.64-64 | |
| 科图分类: | ||
| 主题词: | 核桃--he tao--病虫害防治--图解 | |
| 电子资源: | ||
| ISBN: | 978-7-5219-0224-2 | |
| 000 | 01232nam0 2200265 450 | |
| 001 | 0106081836 | |
| 005 | 20201106082045.0 | |
| 010 | @a978-7-5219-0224-2@dCNY59.00 | |
| 100 | @a20191113d2019 em y0chiy50 ea | |
| 101 | 0 | @achi |
| 102 | @aCN@b110000 | |
| 105 | @aa z 000yy | |
| 106 | @ar | |
| 200 | 1 | @a核桃病虫草害诊治生态图谱@Ahe tao bing chong cao hai zhen zhi sheng tai tu pu@dAtlas of diagnosis and treatment for disease pest and weed disease of walnut@f冯玉增, 任军战, 王文星主编@zeng |
| 210 | @a北京@c中国林业出版社@d2019.09 | |
| 215 | @a136, 136页@d21cm | |
| 330 | @a本书全面、系统地介绍了核桃树的病、虫、草形态特征、危害特点、发生规律及无公害综合防治技术。全书介绍核桃病害、害虫、杂草以及天敌,含彩色生态照片近300幅。每种病、虫、草都配有多幅彩色生态图片,图文并茂,以图为主,信息量大,既突出了农业和生物防治,也介绍了无公害化学农药防治技术。 | |
| 510 | 1 | @aAtlas of diagnosis and treatment for disease pest and weed disease of walnut@zeng |
| 606 | 0 | @a核桃@Ahe tao@x病虫害防治@j图解 |
| 690 | @aS436.64-64@v5 | |
| 701 | 0 | @a冯玉增@Afeng yu zeng@4主编 |
| 701 | 0 | @a任军战@Aren jun zhan@4主编 |
| 701 | 0 | @a王文星@Awang wen xing@4主编 |
| 801 | 0 | @aCN@bBJSZM@c20201106 |
| 905 | @b1192812-5@dS436.64-64@e191@f4 | |
| 核桃病虫草害诊治生态图谱=Atlas of diagnosis and treatment for disease pest and weed disease of walnut/冯玉增, 任军战, 王文星主编.-北京:中国林业出版社,2019.09 |
| 136, 136页;21cm |
| ISBN 978-7-5219-0224-2:CNY59.00 |
| 本书全面、系统地介绍了核桃树的病、虫、草形态特征、危害特点、发生规律及无公害综合防治技术。全书介绍核桃病害、害虫、杂草以及天敌,含彩色生态照片近300幅。每种病、虫、草都配有多幅彩色生态图片,图文并茂,以图为主,信息量大,既突出了农业和生物防治,也介绍了无公害化学农药防治技术。 |
| ● |
| 相关链接 |
|
|
|
|
正题名:核桃病虫草害诊治生态图谱
索取号:S436.64-64/191
 
预约/预借
| 序号 | 登录号 | 条形码 | 馆藏地/架位号 | 状态 | 备注 |
| 1 | 1192812 | 211928128 | 第二样本阅览室/ [索取号:S436.64-64/191] | 在馆 | |
| 2 | 1192813 | 211928137 | 第三借阅区/ [索取号:S436.64-64/191] | 在馆 | |
| 3 | 1192814 | 211928146 | 第三借阅区/ [索取号:S436.64-64/191] | 在馆 | |
| 4 | 1192815 | 211928155 | 第三借阅区/ [索取号:S436.64-64/191] | 在馆 |